The book of fishes.

Bibliographic Details
Corporate Author: National Geographic Society (U.S.)
Other Authors: La Gorce, John Oliver, 1880-1959
Format: Book
Language:English
Published: Washington, [publisher not identified] ; [1952]
Edition:1952 ed., rev. and enl.,
Subjects:

MARC

Tag First Indicator Second Indicator Subfields
LEADER 00000cam a2200000 4500
001 in00000037219
005 20151007072248.0
008 750730s1952 dcua 00000 eng u
010 |a  52014581  
035 |a (OCoLC)01489622 
035 |9 AAE7550AM 
040 |c DZM  |d OCL  |d TXA  |d UtOrBLW 
049 |a TXAM  |c [218643] 
050 0 0 |a QL625  |b .N3 1952 
082 0 |a 597.0973 
092 |a 597  |b N277b, 1952 
110 2 |a National Geographic Society (U.S.) 
245 1 4 |a The book of fishes. 
250 |a 1952 ed., rev. and enl.,  |b presenting the better-known food and game fishes and the aquatic life of the coastal and inland waters of the United States. Edited by John Oliver La Gorce. With 236 species in color with biographies, 67 other color photos., and 170 monochrome photos. 
264 1 |a Washington,  |b [publisher not identified] ;  |c [1952] 
300 |a xi, 339 pages :  |b illustrations, (part color) ;  |c 27 cm. 
336 |a text  |b txt  |2 rdacontent 
337 |a unmediated  |b n  |2 rdamedia 
338 |a volume  |b nc  |2 rdacarrier 
505 0 |a Americas's rich harvest of the sea, by J. O. La Gorce.--Our heritage of fresh waters, by C. H. Townsend.--Fishing in Pacific coast streams, by L. P. Schultz.--Angling in the United States, by L. Marden.--Marineland, Florida's giant fish bowl, by G. G. La Gorce.--Some curious inhabitants of the Gulf Stream, by J. T. Nichols.--Man-of-war fleet attacks Bimini, by P. A. Zahl.--Devilfishing in the Gulf Stream, by J. O. La Gorce.--Certain citizens of the warm seas, by L. L. Mowbray.--Portugal's captains courageous, by A. Villiers.--The lordly tarpon, angler's delight, by V. Heilner.--Sea creatures of our Atlantic shores, by R. W. Miner.--Men who go down to the sea in aqualungs, by J. Y. Cousteau.--Goggle fishing in California waters, by D. Hellyer.--Strange babies of the sea, by H. B. Moore. 
650 0 |a Fishes  |z United States. 
650 0 |a Fishing  |z United States. 
650 0 |a Fisheries  |z United States. 
700 1 |a La Gorce, John Oliver,  |d 1880-1959. 
944 |a stk  |h REPL<60474>REP-LATEST<>REF<rmcgeach>  |m Replacement on order 
999 |a MARS 
999 f f |s 3233f26e-80e5-304a-80e3-aa233ded0eda  |i 2fad422e-4fa9-3995-a5ee-fb6169ec8456  |t 0